<?xml version="1.0" encoding="UTF-8"?>
<record
    xmlns:xsi="http://www.w3.org/2001/XMLSchema-instance"
    xsi:schemaLocation="http://www.loc.gov/MARC21/slim http://www.loc.gov/standards/marcxml/schema/MARC21slim.xsd"
    xmlns="http://www.loc.gov/MARC21/slim">

  <leader>01268nam a22002297a 4500</leader>
  <controlfield tag="005">20250220114851.0</controlfield>
  <datafield tag="010" ind1=" " ind2=" ">
    <subfield code="a">HIN-129444</subfield>
  </datafield>
  <datafield tag="020" ind1=" " ind2=" ">
    <subfield code="a">9789364448444</subfield>
  </datafield>
  <datafield tag="020" ind1=" " ind2=" ">
    <subfield code="a">9364448448</subfield>
  </datafield>
  <datafield tag="020" ind1=" " ind2=" ">
    <subfield code="a">9789364448710</subfield>
  </datafield>
  <datafield tag="020" ind1=" " ind2=" ">
    <subfield code="a">9364448715</subfield>
  </datafield>
  <datafield tag="035" ind1=" " ind2=" ">
    <subfield code="a">HN-101790</subfield>
  </datafield>
  <datafield tag="037" ind1=" " ind2=" ">
    <subfield code="b">DBAD</subfield>
  </datafield>
  <datafield tag="082" ind1=" " ind2=" ">
    <subfield code="a">327</subfield>
  </datafield>
  <datafield tag="100" ind1=" " ind2=" ">
    <subfield code="a"> &#x92A;&#x902;&#x924; &#x92A;&#x941;&#x937;&#x94D;&#x92A;&#x947;&#x936;</subfield>
    <subfield code="9">78251</subfield>
  </datafield>
  <datafield tag="245" ind1=" " ind2=" ">
    <subfield code="a">21&#x935;&#x940; &#x936;&#x924;&#x93E;&#x92C;&#x94D;&#x926;&#x940; &#x92E;&#x947;&#x902; &#x905;&#x902;&#x924;&#x930;&#x94D;&#x930;&#x93E;&#x937;&#x94D;&#x91F;&#x94D;&#x930;&#x940;&#x92F; &#x938;&#x902;&#x92C;&#x902;&#x927; /</subfield>
    <subfield code="c">&#x92A;&#x941;&#x937;&#x94D;&#x92A;&#x947;&#x936; &#x92A;&#x902;&#x924;</subfield>
    <subfield code="b">&#x92F;&#x942;&#x92A;&#x940;&#x90F;&#x938;&#x938;&#x940; &#x938;&#x93F;&#x935;&#x93F;&#x932; &#x938;&#x947;&#x935;&#x93E; &#x914;&#x930; &#x930;&#x93E;&#x91C;&#x94D;&#x92F; &#x938;&#x947;&#x935;&#x93E; &#x915;&#x940; &#x92A;&#x930;&#x940;&#x915;&#x94D;&#x937;&#x93E;&#x913;&#x902; &#x939;&#x947;&#x924;&#x941;</subfield>
    <subfield code="h">&#x939;&#x93F;&#x902;&#x926;&#x940;</subfield>
  </datafield>
  <datafield tag="250" ind1=" " ind2=" ">
    <subfield code="a">&#x92A;&#x94D;&#x930;&#x925;&#x92E; </subfield>
  </datafield>
  <datafield tag="260" ind1=" " ind2=" ">
    <subfield code="a">&#x917;&#x94D;&#x930;&#x947;&#x91F;&#x930; &#x928;&#x949;&#x90F;&#x921;&#x93E;</subfield>
    <subfield code="b">&#x92A;&#x94D;&#x930;&#x93E;&#x907;&#x935;&#x947;&#x91F;. &#x932;&#x93F;&#x92E;&#x93F;&#x91F;&#x947;&#x921;., &#x92A;&#x94D;&#x932;&#x93E;&#x91F; &#x928;&#x949;. 26&#x907; , &#x938;&#x947;&#x915;&#x94D;&#x91F;&#x930;- 31, (&#x907;&#x902;&#x921;&#x938;&#x94D;&#x91F;&#x94D;&#x930;&#x93F;&#x92F;&#x932;) , &#x938;&#x93E;&#x908;&#x91F;-4th, </subfield>
    <subfield code="c">2025</subfield>
  </datafield>
  <datafield tag="270" ind1=" " ind2=" ">
    <subfield code="a">&#x92A;&#x94D;&#x930;&#x93E;&#x907;&#x935;&#x947;&#x91F;. &#x932;&#x93F;&#x92E;&#x93F;&#x91F;&#x947;&#x921;., &#x92A;&#x94D;&#x932;&#x93E;&#x91F; &#x928;&#x949;. 26&#x907; , &#x938;&#x947;&#x915;&#x94D;&#x91F;&#x930;- 31, (&#x907;&#x902;&#x921;&#x938;&#x94D;&#x91F;&#x94D;&#x930;&#x93F;&#x92F;&#x932;) , &#x938;&#x93E;&#x908;&#x91F;-4th, </subfield>
    <subfield code="b">&#x917;&#x94D;&#x930;&#x947;&#x91F;&#x930; &#x928;&#x949;&#x90F;&#x921;&#x93E;</subfield>
    <subfield code="e">201306</subfield>
  </datafield>
  <datafield tag="300" ind1=" " ind2=" ">
    <subfield code="a">214 &#x92A;&#x943;&#x937;&#x94D;&#x920;;</subfield>
    <subfield code="c">24&#x938;&#x947;&#x92E;&#x940;(&#x938;&#x91C;&#x93F;&#x932;&#x94D;&#x926;)</subfield>
  </datafield>
  <datafield tag="942" ind1=" " ind2=" ">
    <subfield code="2">ddc</subfield>
    <subfield code="c">HN</subfield>
    <subfield code="h">327</subfield>
    <subfield code="m">&#x92A;&#x902;&#x924;</subfield>
  </datafield>
  <datafield tag="999" ind1=" " ind2=" ">
    <subfield code="c">209570</subfield>
    <subfield code="d">209570</subfield>
  </datafield>
  <datafield tag="952" ind1=" " ind2=" ">
    <subfield code="0">0</subfield>
    <subfield code="1">0</subfield>
    <subfield code="4">0</subfield>
    <subfield code="7">0</subfield>
    <subfield code="8">NFIC</subfield>
    <subfield code="a">L</subfield>
    <subfield code="b">L</subfield>
    <subfield code="d">2025-02-20</subfield>
    <subfield code="e">Delivery of Books Act Division</subfield>
    <subfield code="g">310.00</subfield>
    <subfield code="l">0</subfield>
    <subfield code="o">327 &#x92A;&#x902;&#x924;&#x92A;&#x941;</subfield>
    <subfield code="p">HN-101790</subfield>
    <subfield code="r">2025-02-20 00:00:00</subfield>
    <subfield code="t">1</subfield>
    <subfield code="v">310.00</subfield>
    <subfield code="w">2025-02-20</subfield>
    <subfield code="y">HN</subfield>
  </datafield>
  <datafield tag="952" ind1=" " ind2=" ">
    <subfield code="0">0</subfield>
    <subfield code="1">0</subfield>
    <subfield code="4">0</subfield>
    <subfield code="7">0</subfield>
    <subfield code="a">DBAD</subfield>
    <subfield code="b">DBAD</subfield>
    <subfield code="d">2025-02-20</subfield>
    <subfield code="l">0</subfield>
    <subfield code="o">327 &#x92A;&#x902;&#x924;</subfield>
    <subfield code="r">2025-02-20 00:00:00</subfield>
    <subfield code="w">2025-02-20</subfield>
    <subfield code="y">HN</subfield>
  </datafield>
</record>
